000 00484nam a2200181Ia 4500
005 20230316101413.0
008 131103s9999 xx 000 0 und d
040 _aLoreto College
041 _aEnglish
082 _a891.44
_bMAJ
100 _aMajumdar, Mohitlal
245 _aSahitya-katha
_cMohitlal Majumdar
260 _aSatragachi
_bBangabharati Granthalay
_c1960
300 _a236p
650 _aBengali Literature - History and Criticism
850 _aLCLIB
942 _cBK
999 _c20401
_d70880